| 000 | 00509 a2200169 4500 | ||
|---|---|---|---|
| 003 | OSt | ||
| 005 | 20260310131558.0 | ||
| 008 | 260310b |||||||| |||| 00| 0 eng d | ||
| 020 | _a9788192827001 | ||
| 040 | _coclc | ||
| 082 |
_a894.8129 _bTHI/Y |
||
| 100 |
_aThiruvazhamkunnu, T. R _910432 |
||
| 245 |
_aYathra annubhavam orma/ _cT R Thiruvazhamkunnu |
||
| 260 |
_aCalicut: _bThunchan pusthakam, _c2017. |
||
| 300 | _a130 pages | ||
| 942 |
_2ddc _cBK _h894.8129 _iTHI/Y _k894.8129 _mTHI/Y |
||
| 999 |
_c44713 _d44713 |
||